Paths to power: (Record no. 12021)

000 -LEADER
fixed length control field 00559nam a2200181 a 4500
001 - CONTROL NUMBER
control field :::00009823$&:&@@
003 - CONTROL NUMBER IDENTIFIER
control field OkBaRHE
005 - DATE AND TIME OF LATEST TRANSACTION
control field 20000607103353.0
008 - FIXED-LENGTH DATA ELEMENTS--GENERAL INFORMATION
fixed length control field s1905 j 000 0 eng u
040 ## - CATALOGING SOURCE
Transcribing agency
100 1# - MAIN ENTRY--PERSONAL NAME
Personal name Gunsaulus, Frank W.
245 10 - TITLE STATEMENT
Title Paths to power:
Remainder of title central church sermons.
260 ## - PUBLICATION, DISTRIBUTION, ETC. (IMPRINT)
Place of publication, distribution, etc New York, NY., :
Name of publisher, distributor, etc Fleming H. Revell Company
Date of publication, distribution, etc c1905
300 ## - PHYSICAL DESCRIPTION
Extent 362 p. ;
Dimensions 20 cm.
650 ## - SUBJECT ADDED ENTRY--TOPICAL TERM
Topical term or geographic name as entry element Sermons
General subdivision American
942 ## - ADDED ENTRY ELEMENTS (KOHA)
Source of classification or shelving scheme
Koha item type Books
Copies
Koha item type Price effective from Source of classification or shelving scheme Not for loan Date last seen Lost status Withdrawn status Permanent Location Full call number Copy number Barcode Date acquired Damaged status Shelving location
Books2010-04-14  2010-04-14  RHEMA Bible Training CollegeBV 4241 .G8198232010-04-14 General Stacks